000 01463nam a22003497a 4500
003 CHAP
005 20230822062638.0
008 971013s1983 r 00010 d
010 _a30218
011 _a31190
035 _a35302
040 _cCHAP
082 _a338.972
_bC65
100 0 0 _aCoordinación General del Plan Nacional de Zonas Deprimidas y Grupos Marginados. México.
_927811
245 _aMacroeconomía de las necesidades esenciales de México
_b: situación actual y perspectivas al año 2000
260 _aMéxico, D.F. :
_bSiglo XXI,
_c1983
300 _a224 p.
_b; gráfs.
490 _aEconomía y demografía
590 _aBATCH-UPD
_b10
_c20130110
_lUCH01
_h1642
590 _aBATCH-UPD
_b10
_c20130410
_lUCH01
_h1033
590 _aBATCH-UPD
_b10
_c20130914
_lUCH01
_h1708
590 _aCONVERSION
_b10
_c20130109
_lUCH01
_h1317
650 1 4 _aMéxico
_xCondiciones económicas.
830 0 4 _aEconomía y demografía (Siglo XXI Editores)
_935280
901 _aBK
942 _cLIBRO
949 _a338.972 C65
_bBC
_cLIBRO
_d33724000434783
_eLIBRO
_gI. c/e
_h67152
_i35302
_si
_t610.00
949 _a338.972 C65
_bBC
_cLIBRO
_d33724000434817
_eLIBRO
_fc.4
_h67155
_i35302
_si
_t610.00
949 _a338.972 C65
_bBC
_cLIBRO
_d33724000434890
_eLIBRO
_fc.2
_h67153
_i35302
_si
_t610.00
949 _a338.972 C65
_bBC
_cLIBRO
_d33724000434908
_eLIBRO
_fc.3
_h67154
_i35302
_si
_t610.00
949 _a338.972 C65
_bBC
_cLIBRO
_d33724000434916
_eLIBRO
_fc.5
_h67156
_i35302
_si
_t610.00
999 _c30218
_d30218